Niektoré osobitosti účtovania finančného prenájmu (lízingu)

Finančný prenájom z hľadiska zákona o dani z príjmov. Prehľad ustanovení. Finančný prenájom z hľadiska účtovníctva. Ilustračné príklady.

Guardado en:
Detalles Bibliográficos
Autor principal: Mateášová, Martina, 1979-
Formato: Capítulo de libro
Lenguaje:eslovaco
Materias:
Etiquetas: Agregar Etiqueta
Sin Etiquetas, Sea el primero en etiquetar este registro!

MARC

LEADER 00000naa$a2200000$$$4500
001 0083417
005 20240502071934.2
041 0 |a slo 
044 |a SK 
245 1 0 |a Niektoré osobitosti účtovania finančného prenájmu (lízingu)  |c Martina Mateášová 
520 |a Finančný prenájom z hľadiska zákona o dani z príjmov. Prehľad ustanovení. Finančný prenájom z hľadiska účtovníctva. Ilustračné príklady. 
610 2 0 |a lízing finančný 
610 2 0 |a prenájom zmluvný 
610 2 0 |a dane z príjmov 
610 2 0 |a účtovníctvo 
100 1 |a Mateášová, Martina, 1979-